000 00627nam a22002177a 4500
999 _c18895
_d18895
003 AR-CdUCM
008 190322b ||||| |||| 00| 0 spa d
040 _aMUNICIPALIDAD PROVINCIAL DEL CUSCO
_cBIBLIOTECA MUNICIPAL DEL CUSCO
082 _a869.56 /
_bY12
100 _aYabar Zeballos, Americo
_923178
245 _aPoemario de Camino /
260 _aCusco :
_bDon Jaque,
_c1971.
300 _a24 paginas ;
_c24 cm.
505 _aContenido :Poesías -- Poemas.
650 _aPoesia
_91598
650 _aLiteratura
_983
650 _aPerú
_935
700 _aFranco, Emiliano
_939808
942 _2ddc
_cLIBROS
945 _arcc